| 000 | 00695nam a2200241 a 4500 | ||
|---|---|---|---|
| 001 | 0001-1146 | ||
| 003 | ELIB.Books | ||
| 008 | 150505 2010 eng | ||
| 020 | _a13: 9781558747265 | ||
| 035 | _a(ELIB.Books)0001-1301 | ||
| 092 |
_a158.1 _bCan |
||
| 100 | _aCanfield, Jack. | ||
| 245 |
_aChicken Soup for the Soul/ for the Golden Soul _bHeartwarming Stories About People 60 and Over |
||
| 260 |
_aFlorida _bHealth Communications, Inc. _c2000 |
||
| 300 |
_a359 _c21.5 Cm |
||
| 500 | _aC/o Moe Lwei | ||
| 650 | _aAged- Counduct of Life | ||
| 856 |
_nKBTS: Library _uKBTS: Elib |
||
| 942 |
_2ddc _cBK |
||
| 990 | _a2 | ||
| 998 |
_cbat _e2015-05-05 |
||
| 999 |
_c11146 _d11146 |
||